Quiz Flag Of Nordic Council - Statistics

General Stats
  • This quiz has been taken 21 times
  • The average score is 7 of 8
Answer Stats
Picture Answer % Correct
Denmark
100%
Finland
100%
Iceland
100%
Norway
100%
Sweden
100%
Greenland
89%
Faroe Islands
79%
Aland Islands
42%
No matching quizzes found
Score Distribution
Percent of People with Each Score
Percentile by Number Answered
Your Score History
You have not taken this quiz